Cumpleaños del Siglo XX - Margen de 5 Años - Estadísticas

Estadísticas generales
  • Esta prueba ha sido intentada 3.097 veces
  • La puntuación promedio es 9 de 21
Estadísticas de respuestas
Persona Año % Correcto
Taylor Swift 1989
81%
Reina Isabel II 1926
69%
Cristiano Ronaldo 1985
68%
Paul McCartney 1942
57%
Ariana Grande 1993
56%
Pedro Sánchez 1972
53%
Ibai Llanos 1995
49%
Michael Jordan 1963
48%
Shakira 1977
45%
Michel Jackson 1958
44%
Lionel Messi 1987
44%
Donald Trump 1946
42%
MrBeast 1998
41%
Harry Styles 1994
38%
Barack Obama 1961
33%
Papa Francisco 1936
30%
David Bisbal 1979
29%
Ed Sheeran 1991
29%
Elon Musk 1971
22%
Raphael 1943
19%
Stephen King 1947
15%
No se encontraron pruebas coincidentes
Distribución de puntuación
Porcentaje de gente con cada puntuación
Porcentaje por número respondido
Historial de tus puntuaciones
No has intentado esta prueba.